Cliquez sur la bonne traduction en portugais - Les couleurs - Statistiques

Statistiques générales
  • Ce quiz a été pris 326 fois
  • Le résultat moyen est 8 sur 11
Statistiques - réponses
Hint Réponse % Correct
Jaune Amarelo
92%
Bleu Azul
88%
Blanc Branco
87%
Rose Rosa
85%
Vert Verde
84%
Orange Laranja
81%
Gris Cinza
70%
Noir Preto
68%
Marron Castanho
66%
Rouge Vermelho
54%
Violet Roxo
48%
Aucun quiz correspondant
Distribution des résultats
% des personnes avec chaque résultat
Percentile par nombre de réponses
Votre historique - résultats
Vous n’avez pas pris ce quiz